Educación popular en América Latina : bibliografía básica /
Guardado en:
| Hovedforfatter: | |
|---|---|
| Format: | Bog |
| Sprog: | spansk |
| Fag: | |
| Tags: |
Ingen Tags, Vær først til at tagge denne postø!
|
MARC
| LEADER | 00000nam^a2200000^a^4500 | ||
|---|---|---|---|
| 001 | 000394161 | ||
| 005 | 20250526000000.0 | ||
| 009 | 20260526143307.469 | ||
| 037 | |a Acervo ITESO - Biblioteca | ||
| 041 | |a ESP | ||
| 082 | |a 361. 80980 |b OSO | ||
| 100 | |a Osorio, Jorge |e (edición) | ||
| 245 | 1 | 0 | |a Educación popular en América Latina : |b bibliografía básica / |c Ed. de J. Osorio. |
| 264 | |a Santiago, Chile : |b Consejo de Educación de Adultos de América Latina, |c 1988 | ||
| 300 | |a [11 p.] ; |c 23.5 cm. | ||
| 649 | |a XX | ||
| 650 | |a Educación de Adultos - |z Latinoamérica | ||
| 650 | |a Educación y Promoción Popular - |z Latinoamérica - |x Bibliografías - |x Tema Principal | ||
| 650 | |a Educación | ||
| 910 | |a Fondo Carlos Núñez Hurtado | ||
| 920 | |a Impresos - Libros | ||
| 930 | |a Libros Antiguos y Raros | ||
| 905 | |a 108 | ||
| 901 | |a 0500289268 |b IT2 |c LRA |i D82206 |u 20250526 | ||
| 902 | |a https://opac.biblio.iteso.mx/vufind/Record/000394161 | ||